000 00707nam a2200289Ia 4500
005 20260324121737.0
008 008 260324s9999 xx 000 0 eng d
020 _a9781315882628
037 _aEBOOK
040 _aCRL
040 _beng
040 _cCRL
041 _2eng
041 _aeng
084 _qCRL
100 _aVioleta Davoliūtė
_91163700
245 4 _aThe Making and Breaking of Soviet Lithuania
245 0 _bMemory and Modernity in the Wake of War
260 _bTaylor and Francis
260 _c2013
365 _a
365 _b240
856 _uhttp://www.taylorfrancis.com/books/9781315882628
942 _cEBOOK
999 _c1755993
_d1755993